Анотування та реферування в освітній та перекладацькій діяльності (Запис № 284183)

МАРК-запис
000 -LEADER
fixed length control field 02133nam a22001577a 4500
041 ## - LANGUAGE CODE
Language code of text/sound track or separate title ukr
080 ## - UNIVERSAL DECIMAL CLASSIFICATION NUMBER
Universal Decimal Classification number 09
090 ## - LOCALLY ASSIGNED LC-TYPE CALL NUMBER (OCLC); LOCAL CALL NUMBER (OCLC)
Local cutter number (OCLC) ; Book number/undivided call number, CALL (RLIN) ДАВ
100 ## - MAIN ENTRY--PERSONAL NAME
Personal name Давигора І.Ю.
245 ## - TITLE STATEMENT
Title Анотування та реферування в освітній та перекладацькій діяльності
260 ## - PUBLICATION, DISTRIBUTION, ETC. (IMPRINT)
Place of publication, distribution, etc Острог
Name of publisher, distributor, etc КАФ
Date of publication, distribution, etc 2009
300 ## - PHYSICAL DESCRIPTION
Extent 62
520 ## - SUMMARY, ETC.
Summary, etc ВСТУП<br/>РОЗДІЛ 1 АНОТАЦІЯ ЯК ОБЄКТ ДОСЛІДЖЕННЯ ЛІНГВІСТИКИ ТЕКСТУ<br/>1.1 Суть і призначення анотації як особливого типу тексту.<br/>1.2.1 Функції анотації та вимоги до їх написання.<br/>1.2.2 Класифікація анотацій.<br/>1.2.3 Синтаксичний аналіз анотацій до монографій.<br/>1.2.4 Розуміння анотації західними і вітчизняними науковцями.<br/>РОЗДІЛ 2 ПРОЦЕСИ АНОТУВАННЯ І РЕЗЮМУВАННЯ ТА ЇХ НАВЧАЛЬНІ ЦІЛІ<br/>2.1 Роль і завдання анотування при навчанні іноземної мови.<br/>2.2 Процес резюмування та його особливості.<br/>2.3 Розробка уроку з написання резюме.<br/>РОЗДІЛ 3 АНОТУВАННЯ ТА РЕФЕРУВАННЯ В ОСВІТНІЙ ТА ПЕРЕКЛАДАЦЬКІЙ ДІЯЛЬНОСТІ<br/>3.1 Суть реферату та його основні якості.<br/>3.1.1 Функції рефератів та специфіка їх мови<br/>3.1.2 Особливості процесу реферування.<br/>3.1.3 Відмінність анотування та реферування.<br/>3.2 Особливості анотаційного перекладу.<br/>3.3 Особливості реферативного перекладу.<br/>3.4 Анотування та реферування в освітній діяльності.<br/>ВИСНОВКИ
-- анотація,резюмування,анотування,реферування
650 ## - SUBJECT ADDED ENTRY--TOPICAL TERM
Topical term or geographic name as entry element Research Papers
942 ## - ADDED ENTRY ELEMENTS (KOHA)
Koha item type Книги
Фонди
Withdrawn status Lost status Source of classification or shelving scheme Damaged status Not for loan Home library Current library Date acquired Source of acquisition Cost, normal purchase price Total Checkouts Full call number Barcode Date last seen Price effective from Koha item type
    Universal Decimal Classification     ВІЛ - Відділ іноземн. літератури НБ ВІЛ - Відділ іноземн. літератури НБ 16/04/2009 Акт №1 1.00   09 213456 15/12/2021 16/04/2009 Книги